000 01478cam a22003494a 4500
001 4048612
003 OSt
005 20240409130003.0
008 990308s1999 enka b 001 0 eng
010 _a 99024860
020 _a1856497089 (hb)
020 _a1856497097 (pbk.)
040 _aDLC
_cDLC
_dDLC
042 _apcc
050 0 0 _aHD75.6
_b.S858 1999
082 0 0 _a306.3 SUS 1999
_221
100 _4Edited by Egon Becker and Thomas Jahn.
_916951
245 0 0 _aSustainability and the Social Sciences :
_ba cross-disciplinary approach to integrating environmental considerations into theoretical reorientation
260 _bZed Books ;
_bDistributed in the USA by St. Martin's Press,
_c1999.
300 _axvi, 336 p. :
_bill. ;
_c25 cm.
500 _aPublished in association with UNESCO and ISOE.
504 _aIncludes bibliographical references (p. 290-327) and index.
650 0 _aSustainable development.
_91103
650 0 _aSocial sciences.
_9312
856 4 2 _3Contributor biographical information
_uhttp://www.loc.gov/catdir/bios/hol058/99024860.html
856 4 2 _3Publisher description
_uhttp://www.loc.gov/catdir/description/hol056/99024860.html
856 4 1 _3Table of contents
_uhttp://www.loc.gov/catdir/toc/hol053/99024860.html
906 _a7
_bcbc
_corignew
_d1
_eocip
_f19
_gy-gencatlg
942 _2ddc
_cSLOAN
999 _c3060
_d3060